| 000 | 00646cab a2200217 4500 | ||
|---|---|---|---|
| 001 | WB3223-38 | ||
| 008 | 090401t1996 xxu||||| |||| 00| 0 eng d | ||
| 035 | _a(Sirsi) u27784 | ||
| 041 | _aeng | ||
| 245 | _aFarm waste storage facilities | ||
| 260 | _c1996 | ||
| 350 | _a0 | ||
| 490 |
_aDoE News Release _v(241) 7 June 1996, (2) |
||
| 520 | _aDraft revised regulations are issued for farm waste storage which would o allow storage of silage in fields subject to guidance. | ||
| 650 | _aENVIRONMENT AGENCY | ||
| 650 | _aENVIRONMENTAL POLLUTION | ||
| 650 | _aFARM WASTE | ||
| 690 | _aRURAL PRACTICE | ||
| 942 | _n0 | ||
| 948 | _c04/03/1997 | ||
| 999 |
_c18718 _d18718 |
||